书目信息 |
| 题名: |
化工容器及设备
|
|
| 作者: | 卓震 主编 | |
| 分册: | ||
| 出版信息: | 北京 中国石化出版社 2008.03 |
|
| 页数: | 562页 | |
| 开本: | 26cm | |
| 丛书名: | ||
| 单 册: | ||
| 中图分类: | TQ053.2 | |
| 科图分类: | ||
| 主题词: | 化工设备--hua gong she bei--容器--高等学校--教材 | |
| 电子资源: | ||
| ISBN: | 978-7-80043-732-8 | |
| 000 | 00867nam0 2200253 450 | |
| 001 | 012008854062 | |
| 005 | 20101207083238.43 | |
| 010 | @a978-7-80043-732-8@dCNY78.00 | |
| 100 | @a20080901d2008 em y0chiy0120 ea | |
| 101 | 0 | @achi |
| 102 | @aCN@b110000 | |
| 105 | @aak a 000yy | |
| 200 | 1 | @a化工容器及设备@Ahua gong rong qi ji she bei@f卓震主编@Fzhuo zhen zhu bian |
| 205 | @a第2版 | |
| 210 | @a北京@c中国石化出版社@d2008.03 | |
| 215 | @a562页@c图@d26cm | |
| 300 | @a高等院校“十一五”规划教材 | |
| 320 | @a有书目 (第561-562页) | |
| 330 | @a本书主要内容包括:化工容器及设备设计概述;中低压容器设计;外压容器设计;压力容器零部件设计;化工容器设计技术发展等。 | |
| 606 | 0 | @a化工设备@Ahua gong she bei@x容器@x高等学校@j教材 |
| 690 | @aTQ053.2@v4 | |
| 701 | 0 | @a卓震@Azhuo zhen@4主编 |
| 801 | 0 | @aCN@bQSSK@c20101207 |
| 905 | @b733619-20@dTQ053.2@eZ938@f2 | |
| 化工容器及设备/卓震主编.-第2版.-北京:中国石化出版社,2008.03 |
| 562页:图;26cm |
| 高等院校“十一五”规划教材 |
| ISBN 978-7-80043-732-8:CNY78.00 |
| 本书主要内容包括:化工容器及设备设计概述;中低压容器设计;外压容器设计;压力容器零部件设计;化工容器设计技术发展等。 |
| ● |
| 相关链接 |
|
|
|
正题名:化工容器及设备
索取号:TQ053.2/Z938
 
预约/预借
| 序号 | 登录号 | 条形码 | 馆藏地/架位号 | 状态 | 备注 |
| 1 | 733619 | 207336195 | 自科库501/501自科库 138排6列2层/ [索取号:TQ053.2/Z938] | 在馆 | |
| 2 | 733620 | 207336202 | 自科库501/501自科库 138排6列2层/ [索取号:TQ053.2/Z938] | 在馆 | |
| 3 | 824975 | 208249750 | 材料与化工学院资料室/ [索取号:TQ053.2/Z938] | 在馆 |